Vinosadský občasník nezávislé noviny malokarpatskej obce Vinosady

Bibliographic Details
Other Authors: Adamec, Juraj (Publishing director), Čuňočka, Ján (Publishing director)
Format: Journal
Language:Slovak
PhysicalDescription:3 zv. 30 cm
Published: Vinosady OZ Trlínek 2010-2012
Vinosady OZ Vinosadský občasník
ISSN:1338-2217
Subjects:

MARC

LEADER 00000cas a2200000 a 4500
001 vtls010205937
003 SK-MaSNL
005 20260228161154.0
008 110124d20102012xo x|p r 0 b0slo
022 |a 1338-2217 
040 |a SNK  |b slo  |c SNK  |e AACR2 
041 0 |a slo 
043 |a e-xo--- 
044 |a xo  |c SK 
072 7 |a 316.7  |x Sociológia kultúry. Kultúrny život  |2 konspekt 
072 7 |a 352/354  |x Stupne miestnej, oblastnej a ústrednej správy  |2 konspekt 
080 |a 316.728  |2 2011 
080 |a 352  |2 2011 
080 |a (437.6)  |2 2011 
080 |a 050  |2 2001 
080 |a (051)+(054)  |2 2011 
210 0 |a Vinosadský občas. 
222 0 |a Vinosadský občasník 
245 0 0 |a Vinosadský občasník  |b nezávislé noviny malokarpatskej obce Vinosady 
260 |a Vinosady  |b OZ Trlínek  |c 2010-2012 
260 3 |3 nov./2011-2012  |a Vinosady  |b OZ Vinosadský občasník 
300 |a 3 zv.  |c 30 cm 
310 |a Nepravidelne 
362 0 |a 2010-2012 
500 |a Popis podľa: Č. júl (2010)- 
500 |a Evidenčné číslo: EV 4101/10 
500 |a Šéfred.: 2010-2/2011, Juraj Adamec ; č. nov. (2011)-2012 Ján Čuňočka 
500 |a Od č. nov. (2010)-2012 podnázov: nezávislé vinosadské noviny 
500 |a Číslovanie čísiel časopisu je nejednotné, v rámci jedného roku sa strieda číselné aj slovné číslovanie čísiel 
650 0 7 |a spoločenský život  |2 SNKPH  |9 28654 
650 0 7 |a miestna správa  |2 SNKPH  |9 29496 
651 7 |a Vinosady (Slovensko)  |2 SNKPHgeo  |9 15159 
655 7 |a miestne periodiká  |2 SNKPH  |9 160938 
700 1 |a Adamec, Juraj  |4 pbd  |9 268130 
700 1 |a Čuňočka, Ján  |4 pbd  |9 268131 
910 |a snk 
999 |c 4556  |d 6486 
952 |0 0  |1 0  |4 0  |7 0  |8 0  |a SNK  |b SNK  |d 2019-11-26  |i snk2019/30483  |l 0  |o snkČSB 7400/2010  |p 17A1371072  |r 2026-02-21 22:08:25  |t len č. júl, aug., nov., dec.  |w 2026-02-21  |y PREZ 
952 |0 0  |1 0  |3 Spoločne zviazané r. 2011-2012  |4 0  |7 0  |8 0  |a SNK  |b SNK  |d 2019-11-26  |i snk2019/30486  |l 0  |o snkČSB 7400/2011  |p 17A1371073  |r 2026-02-21 22:08:25  |t len č. jan./febr., 2, nov.  |w 2026-02-21  |y PREZ  |z Spoločne zviazané r. 2011-2012 
952 |0 0  |1 0  |3 Spoločne zviazané r. 2011-2012  |4 0  |7 0  |8 0  |a SNK  |b SNK  |d 2019-11-26  |i snk2019/30486  |l 0  |o snkČSB 7400/2012  |p 17A1371074  |r 2026-02-21 22:08:25  |t len č. mar., júl  |w 2026-02-21  |y PREZ  |z Spoločne zviazané r. 2011-2012